Kit de supervivencia para el diseñador de videojuegos.

Uloženo v:
Podrobná bibliografie
Hlavní autor: Yahiro, Kochiyo (autor)
Médium: Kniha
Vydáno: [s.l]: [s.n], 2020.
Témata:
Tagy: Přidat tag
Žádné tagy, Buďte první, kdo vytvoří štítek k tomuto záznamu!

MARC

LEADER 00000nam a22000007a 4500
003 CL-VaPUC
005 20250321101923.0
008 250117t2020 ||||| |||| 00| 0 eng d
999 |c 446591  |d 446589 
020 |a 9788621825065 
040 |c Pontificia Universidad Católica de Valparaíso 
082 |a 794.8 YAH 2020 
100 |9 895516  |a Yahiro, Kochiyo  |e autor 
245 |a Kit de supervivencia para el diseñador de videojuegos. 
260 |a [s.l]:  |b [s.n],  |c 2020. 
300 |a 80 páginas. 
500 |a c.1-c.2. Instituto Arcos.08-01-2025. 
583 |c 20250117  |k Gabriela Rodríguez Cuevas 
650 0 |9 536738  |a Videojuegos  |x Diseño 
942 |2 ddc  |c BK  |n 0 
952 |0 0  |1 0  |2 ddc  |4 0  |6 794_800000000000000_YAH_2020  |7 0  |9 599481  |a BIBINC  |b BIBINC  |c GEN  |d 2025-01-17  |e Instituto Arcos  |i 5664434  |o 794.8 YAH 2020  |p 5664434  |r 2025-01-17  |t 1  |w 2025-01-17  |y BK  |k IFP 
952 |0 0  |1 0  |2 ddc  |4 0  |6 794_800000000000000_YAH_2020  |7 0  |9 599482  |a BIBINC  |b BIBINC  |c GEN  |d 2025-01-17  |e Instituto Arcos  |i 5664435  |o 794.8 YAH 2020  |p 5664435  |r 2025-01-17  |t 2  |w 2025-01-17  |y BK  |k IFP